01475nam a2200205Ia 4500008004100000040001800041041000800059245007300067260006200140300001900202508015600221520048100377546013700858650003800995650003801033650002001071650004501091650004401136856008901180130821s2007 xxua gs mul  aCo-BoUCMbspa00amul00aPerfect strangers = Seduciendo a un extrañocdirector James Foley. aWashington D.C. (Estados Unidos)bColumbia Picturesc2007 aa DVDbson col aCréditos: Director James Foley ; Halle Berry, Bruce Willis, Giovanni Ribisi, Gary Dourdan, Patti D'Arbanville, Clea Lewis ; Guión: Todd Komarnicki.0 aSinopsis: Siguiendo las pistas del asesinato sin resolver de uno de sus amigos de infancia, la periodista Nowena Price (Halle Berry), decide investigar por su cuenta, hasta dar con el culpable. En su búsqueda por la Red, da con uno de sus principales sospechosos, el multimillonario Harrison Hills (Bruce Willis). Con la ayuda del profesional de la informática y hacker, Miles Haley (Giovanni Ribisi), y aprovechando el anonimato de Internet, Nowena espera hacer justicia. aAudio en inglés, español, portugues, tailandés. Subtítulos en inglés, español, portugués, tailandés, chino, coreano.04aCiencia ficciónzEstados Unidos04aCine y literaturazEstados Unidos04aEntretenimiento04aPelículas de aventuraszEstados Unidos04aPelículas de misteriozEstados Unidos04uhttp://www.youtube.com/watch?v=nXHxd3wDzL4zSiga este vínculo para ver el trailer.